Statistics for Cobra Kai Select All Quiz

Click here to take the quiz!

General Stats

  • This quiz has been taken 95 times
  • The average score is 34 of 45

Answer Stats

QuestionTileSelect% Correct
characters that were introduced in Season 1Samantha LaRussoYes
100%
characters that were introduced in Season 1Terry SilverNo
100%
characters that were introduced in Season 1Chozen ToguchiNo
99%
characters that were introduced in Season 1Kenny PayneNo
99%
characters that were introduced in Season 1Aisha RobinsonYes
97%
characters that were introduced in Season 1Robby KeeneYes
96%
characters that were introduced in Season 1Tory NicholsNo
94%
characters that first joined Cobra Kai, but later switched or merged with Miyagi-DoTerry SilverNo
90%
characters that dated Samantha LaRussoAnthony LaRussoNo
87%
characters that dated Samantha LaRussoChozen ToguchiNo
87%
characters that dated Samantha LaRussoDemetri AlexopoulosNo
87%
characters that dated Samantha LaRussoEli MoskowitzNo
87%
characters that dated Samantha LaRussoJohnny LawrenceNo
87%
characters that dated Samantha LaRussoMiguel DiazYes
87%
characters that dated Samantha LaRussoRobby KeeneYes
87%
characters that dated Samantha LaRussoAnoushNo
86%
people who were shown being in a police station, doing community service, in a jail, or were going to prisonDevon LeeNo
86%
characters that first joined Cobra Kai, but later switched or merged with Miyagi-DoDevon LeeNo
85%
characters that first joined Cobra Kai, but later switched or merged with Miyagi-DoKyler ParkNo
85%
characters that were introduced in Season 1Louie LaRusso, JrYes
85%
people who were shown being in a police station, doing community service, in a jail, or were going to prisonEli MoskowitzNo
83%
things that Johnny Lawrence has said to his students."Heard you're throwing a party. Hope you don't mind if we crash."No
82%
characters that first joined Cobra Kai, but later switched or merged with Miyagi-DoMiguel DiazYes
82%
people who were shown being in a police station, doing community service, in a jail, or were going to prisonRobby KeeneYes
82%
things that Johnny Lawrence has said to his students."Strike first, strike hard, no mercy."Yes
81%
characters that first joined Cobra Kai, but later switched or merged with Miyagi-DoTory NicholsNo
79%
things that Johnny Lawrence has said to his students."Sometimes the scars you can't see are the one that hurts the most."No
78%
characters that dated Samantha LaRussoKyler ParkYes
74%
people who were shown being in a police station, doing community service, in a jail, or were going to prisonJohn KreeseYes
73%
characters that first joined Cobra Kai, but later switched or merged with Miyagi-DoChrisYes
71%
things that Johnny Lawrence has said to his students.“Never mind your past mistakes; don't let them determine your future.”No
71%
characters that first joined Cobra Kai, but later switched or merged with Miyagi-DoBertYes
69%
people who were shown being in a police station, doing community service, in a jail, or were going to prisonJohnny LawrenceYes
68%
things that Johnny Lawrence has said to his students."Pain does not exist in this dojo."Yes
68%
things that Johnny Lawrence has said to his students.“If I'm extra hard on you, it's because you have the ability to be better than me.”Yes
64%
things that Johnny Lawrence has said to his students."Everyone's got a sob story, that doesn't give you the right to be a bully."No
62%
people who were shown being in a police station, doing community service, in a jail, or were going to prisonShawn PayneYes
62%
characters that first joined Cobra Kai, but later switched or merged with Miyagi-DoMitchYes
58%
characters that first joined Cobra Kai, but later switched or merged with Miyagi-DoRobby KeeneNo
58%
people who were shown being in a police station, doing community service, in a jail, or were going to prisonTory NicholsYes
54%
things that Johnny Lawrence has said to his students."I may not always win, but I never back down from a fight."Yes
47%
things that Johnny Lawrence has said to his students."When the fight comes to you, you have to be ready to fight back."No
42%
characters that were introduced in Season 1John KreeseYes
41%
people who were shown being in a police station, doing community service, in a jail, or were going to prisonTerry SilverYes
32%
people who were shown being in a police station, doing community service, in a jail, or were going to prisonDaniel LaRussoYes
15%

Score Distribution

Percentile by Number Answered

Percent of People with Each Score

Your Score History

You have not taken this quiz